Miera využitia práce: neparametrický prístup

V príspevku bolo analyzované využitie výrobného faktoru práca v 29 európskych ekonomikách v roku 2012. Pri použití obmien SBM modelov bolo identifikované nedostatočné využitie výrobného faktoru práca v siedmich z 29 európskych ekonomík. Výsledky poukazujú na rezervy v technickej efektívnosti v 22 zo...

Full description

Saved in:
Bibliographic Details
Main Author: Nežinský, Eduard, 1972-
Format: Book Chapter
Language:Slovak
Subjects:
Tags: Add Tag
No Tags, Be the first to tag this record!

MARC

LEADER 00000nla a2200000 4500
001 0186939
005 20240502073207.4
041 0 |a slo 
044 |a SK 
245 1 0 |a Miera využitia práce: neparametrický prístup  |c Eduard Nežinský 
520 |a V príspevku bolo analyzované využitie výrobného faktoru práca v 29 európskych ekonomikách v roku 2012. Pri použití obmien SBM modelov bolo identifikované nedostatočné využitie výrobného faktoru práca v siedmich z 29 európskych ekonomík. Výsledky poukazujú na rezervy v technickej efektívnosti v 22 zo skúmaných ekonomík. Modely popisovali iba výsledky transformácie technických vstupov na výstup, pri interpretácii takisto treba brať do úvahy, že DEA poskytuje relatívne miery vzhľadom na zvolenú množinu dát. Predstavená miera však môže predstavovať podklad pre tvorbu hospodárskej politiky. 
610 2 0 |a faktory výrobné 
610 2 0 |a práca 
610 2 0 |a analýzy 
610 2 0 |a Európska únia 
100 1 |a Nežinský, Eduard, 1972-